000 00641nam a22002177b 4500
003 3228
005 20251113114526.0
008 251113b sa ||||| |||| 00| 1 AFR d
020 _a0628018975 (hardback)
040 _aMPL
_beng
_c2000
_erda
041 _aAfrikaans
082 0 _aAF VAND
100 _9123345
_a Van der Westhuizen, Vincent
_eauthor
245 _aDie goue traan /
_cVincent van der Westhuizen
250 _aEerste uitgawe
260 _aJohannesburg :
_bKlub Saffier ,
_c©1981,
_c1981.
300 _a137 pages :
_c21 cm
655 0 _9189056
_aAfrikaans Fiction
655 0 _9188653
_a Suspence Fiction
942 _2ddc
_cBK
_w296
_xPhillipina Naude
_y296
_zPhillipina Naude
999 _c789127
_d789126